00259nam a2200109Ia 4500008004100000041001200041082001100053100001500064245005800079260000600137650000600143221030s9999 xx 000 0 und d aEnglish a105.23 aA. Hussain 0aFundamentals of electrical engineeringcby A. Hussain c0 aB